书目信息 |
| 书名: | Labor Markets and Human Resource Management | |
| 作者: | Kleiner. | |
| 分册号: | ||
| 分册名: | 出版地: | Glenview : |
|
| 出版社: | Scott,Foresman/little,Brown College Division | |
| 出版时间: | 1988. | |
| 页数: | 479 p. ; | |
| 开本: | 29cm. | |
| 丛书名: | ||
| 中图分类号: | ||
| 科图分类号: | ||
| 其他分类号: | F241.2 | |
| 主题词: | ||
| 电子资源: | ||
| 000 | 00439nam 2200145 a 4500 | |
| 001 | E0256898547 | |
| 005 | 2002031515481825 | |
| 008 | 020315s1988 00010 eng | |
| 020 | @a0-673-18342-4. :@cRMB 12.00. | |
| 040 | @aPFT@beng | |
| 090 | @aF241.2 | |
| 099 | @dF241.2@eK64 | |
| 245 | @aLabor Markets and Human Resource Management / @cKleiner. | |
| 260 | @aGlenview :@bScott,Foresman/little,Brown College Division,@c1988. | |
| 300 | @a479 p. ;@c29cm. | |
| Labor Markets and Human Resource Management / / Kleiner.-Glenview : : Scott,Foresman/little,Brown College Division, , 1988. |
| 479 p. ; ; 29cm. |
| ISBN 0-673-18342-4. :RMB 12.00. |
| ● |
| 相关链接 |
|
|
|
正题名:Labor Markets and Human Resource Managem
索取号:F241.2/K64
 
预约/预借
| 序号 | 登录号 | 条形码 | 馆藏地/架位号 | 状态 | 备注 |
| 1 | 02060 | 300020607 | 社科库409/409社科库 79排3列5层/ [索取号:F241.2/K64] | 在馆 | |
| 2 | 02328 | 300023285 | 社科库409/409社科库 79排3列5层/ [索取号:F241.2/K64] | 在馆 |